000
00266 a2200109 4500
001
50653
040
_c
Anchieta - Pituba
240
1
0
_a
Deutsch Mit Grips 3
_l
245
1
0
_a
Deutsch Mit Grips 3
650
4
_a
Línguas germânicas (teutônicas) língua alemã
942
_c
MU
999
_c
50653
_d
50653